[Event "Belgrade-chT2 Quality"]
[Site "Belgrade"]
[Date "2022.10.22"]
[Round "3.8"]
[White "Jugovic, Dragan"]
[Black "Vukojicic, Milan"]
[Result "1/2-1/2"]
[WhiteElo "2044"]
[BlackElo "1812"]
[PlyCount "87"]
[EventDate "2022.10.15"]
[EventType "team-tourn"]
[EventRounds "13"]
[EventCountry "SRB"]
[SourceTitle "EXT 2024"]
[Source "ChessBase"]
[SourceDate "2023.10.10"]
[SourceVersion "1"]
[SourceVersionDate "2023.10.10"]
[SourceQuality "1"]
[WhiteTeam "Belgrade Bogoslov"]
[BlackTeam "Novi Belgrade Technicka"]
[WhiteTeamCountry "SRB"]
[BlackTeamCountry "SRB"]

1. c4 Nf6 2. Nc3 e6 3. g3 d5 4. cxd5 exd5 5. d4 c6 6. Bg2 Bf5 7. Qb3 Qb6 8. Qxb6 axb6 9. Bd2 b5 10. b3 Ba3 11. Nd1 Na6 12. Nh3 Nb4 13. Ne3 Nc2+ 14. Nxc2 Bxc2 15. Bc1 Bxc1 16. Rxc1 Rxa2 17. b4 0-0 18. 0-0 Re8 19. e3 Ne4 20. Bxe4 Bxe4 21. Ng5 Bd3 22. Rfd1 Be2 23. Re1 Bg4 24. h3 Bh5 25. g4 h6 26. Nf3 Bg6 27. Ne5 Rea8 28. Nxg6 fxg6 29. e4 dxe4 30. Rxe4 Ra1 31. Rxa1 Rxa1+ 32. Kg2 Rb1 33. d5 cxd5 34. Rd4 b6 35. Rxd5 Rxb4 36. Rd6 g5 37. Rxb6 Rb1 38. Rb7 b4 39. Kf3 b3 40. Ke4 b2 41. Kf5 Kh7 42. Rb8 Rh1 43. Rxb2 Rxh3 44. Ke4 1/2-1/2

[Event "Belgrade-chT Quality"]
[Site "Belgrade"]
[Date "2021.11.20"]
[Round "11.8"]
[White "Vukojicic, Milan"]
[Black "Savic, Lazar"]
[Result "1-0"]
[WhiteElo "1711"]
[BlackElo "1245"]
[PlyCount "75"]
[EventDate "2021.10.16"]
[EventType "team-tourn"]
[EventRounds "11"]
[EventCountry "SRB"]
[SourceTitle "EXT 2023"]
[Source "ChessBase"]
[SourceDate "2022.10.05"]
[SourceVersion "1"]
[SourceVersionDate "2022.10.05"]
[SourceQuality "1"]
[WhiteTeam "Belgrade Novi"]
[BlackTeam "Belgrade Zemun"]
[WhiteTeamCountry "SRB"]
[BlackTeamCountry "SRB"]

1. d4 Nf6 2. Nf3 e6 3. c4 Bb4+ 4. Bd2 Qe7 5. Nc3 Bxc3 6. Bxc3 Ne4 7. Qc2 Nxc3 8. Qxc3 d6 9. g3 Nc6 10. d5 Ne5 11. Nxe5 dxe5 12. Qxe5 f6 13. Qc3 e5 14. Bg2 0-0 15. 0-0 Rd8 16. Rfd1 Rb8 17. Rac1 b6 18. b4 Ba6 19. Rd2 Bb7 20. Rcd1 Rd7 21. a3 Rc8 22. d6 Rxd6 23. Bxb7 Rxd2 24. Qxd2 Re8 25. Qd7 Qf8 26. Qxc7 g6 27. Rd7 Qh6 28. Bd5+ Kh8 29. Rd8 Qc1+ 30. Kg2 Rxd8 31. Qxd8+ Kg7 32. h4 Qxa3 33. Qg8+ Kh6 34. Qf8+ Kh5 35. Bf3+ Qxf3+ 36. exf3 h6 37. g4+ Kxh4 38. Qxh6# 1-0

[Event "Belgrade-chT Quality"]
[Site "Belgrade"]
[Date "2021.10.24"]
[Round "4.8"]
[White "Simic, Ljubomir"]
[Black "Vukojicic, Milan"]
[Result "0-1"]
[WhiteElo "1645"]
[BlackElo "1711"]
[PlyCount "34"]
[EventDate "2021.10.16"]
[EventType "team-tourn"]
[EventRounds "11"]
[EventCountry "SRB"]
[SourceTitle "EXT 2023"]
[Source "ChessBase"]
[SourceDate "2022.10.05"]
[SourceVersion "1"]
[SourceVersionDate "2022.10.05"]
[SourceQuality "1"]
[WhiteTeam "Belgrade Cirilo i Metodije"]
[BlackTeam "Belgrade Novi"]
[WhiteTeamCountry "SRB"]
[BlackTeamCountry "SRB"]

1. d4 d5 2. c3 Bf5 3. Qb3 b6 4. Nf3 e6 5. g3 Nf6 6. Nbd2 Bd6 7. Bg2 Nbd7 8. Nh4 Bg6 9. Nxg6 hxg6 10. Qa4 c5 11. Nf3 Qc7 12. Bg5 Ne4 13. Be3 Rb8 14. Nd2 b5 15. Qb3 c4 16. Qc2 f5 17. Nf3 a5 0-1

[Event "Belgrade-chT Quality"]
[Site "Belgrade"]
[Date "2019.10.27"]
[Round "8.7"]
[White "Vukojicic, Milan"]
[Black "Koscal, Arsenije"]
[Result "0-1"]
[WhiteElo "1579"]
[BlackElo "1679"]
[PlyCount "100"]
[EventDate "2019.10.05"]
[EventType "team-tourn"]
[EventRounds "11"]
[EventCountry "SRB"]
[SourceTitle "EXT 2022"]
[Source "ChessBase"]
[SourceDate "2021.10.06"]
[SourceVersion "1"]
[SourceVersionDate "2021.10.06"]
[SourceQuality "1"]
[WhiteTeam "Delfin"]
[BlackTeam "Romanticari"]
[WhiteTeamCountry "SRB"]
[BlackTeamCountry "SRB"]

1. Nf3 Nf6 2. b3 d6 3. Bb2 e5 4. d4 e4 5. Nfd2 d5 6. e3 Bd6 7. c4 c6 8. Nc3 a6 9. a4 0-0 10. c5 Bc7 11. b4 Bg4 12. Be2 Bxe2 13. Qxe2 Ne8 14. b5 axb5 15. axb5 Rxa1+ 16. Bxa1 Qg5 17. 0-0 Nf6 18. f4 exf3 19. Rxf3 Re8 20. b6 Bd8 21. Rg3 Qf5 22. Nf3 Nh5 23. Ne5 Nxg3 24. hxg3 Bf6 25. Ng4 Bxd4 26. Qb2 Bxc3 27. Qxc3 Qxg4 28. Kf2 f6 29. Qa3 Na6 30. Bd4 Qf5+ 31. Kg1 Qb1+ 32. Kf2 Qb4 33. Qc1 Qc4 34. Qa1 Nxc5 35. Bxc5 Qxc5 36. Qd4 Qxd4 37. exd4 Re4 38. g4 Rxg4 39. g3 Rxd4 40. g4 Rxg4 41. Ke3 h5 42. Kf3 f5 43. Ke3 h4 44. Kd3 Re4 45. Kc3 h3 46. Kd2 h2 47. Kd3 h1Q 48. Kc3 Qf3+ 49. Kc2 Re2+ 50. Kd1 Qf1# 0-1